عظيم ر ا ہی بحثيت ا فسا نچہ نگا ر (Record no. 169741)

MARC details
000 -LEADER
fixed length control field 00712nam a22001937a 4500
005 - DATE AND TIME OF LATEST TRANSACTION
control field 20191202125657.0
010 ## - LCCN (DPL NO)
LC control number UR-10644
020 ## - INTERNATIONAL STANDARD BOOK NUMBER
Terms of availability 200.00
International Standard Book Number 9789389002256
035 ## - SYSTEM CONTROL NUMBER
System control number U-9199
037 ## - SOURCE OF ACQUISITION
Source of stock number/acquisition DBAD/PUB
Stock number -
082 ## - DEWEY DECIMAL CLASSIFICATION NUMBER
Classification number 844.08
100 ## - MAIN ENTRY--PERSONAL NAME
Personal name بٹ فر د و س ا حمد
245 ## - TITLE STATEMENT
Title عظيم ر ا ہی بحثيت ا فسا نچہ نگا ر
Statement of responsibility, etc بٹ فر د و س ا حمد
246 ## - VARYING FORM OF TITLE
Remainder of title Dr. Azeem Rahi:Bahaisiyat Afsancha Nigar (Urdu)
Title proper/short title by Firdous Ahmad Bhat
260 ## - PUBLICATION, DISTRIBUTION, ETC. (IMPRINT)
Place of publication, distribution, etc Delhi
Name of publisher, distributor, etc Educational Publishing House
Date of publication, distribution, etc 2019 ء
270 ## - ADDRESS
Address 3191,Vakil Street, Kucha Pandit,Lal Kuan,
City Delhi
Postal code 110006
Telephone number 01123216162
Fax number -
300 ## - PHYSICAL DESCRIPTION
Extent 144 ص
Dimensions 22 Cm(Hb)
942 ## - ADDED ENTRY ELEMENTS (KOHA)
Source of classification or shelving scheme Dewey Decimal Classification
Item type Urdu Bks
Classification part 844.08
Call number suffix ب ٹ ف
Holdings
Withdrawn status Lost status Not for loan Collection code Home library Current library Date acquired Source of acquisition Cost, normal purchase price Full call number Barcode Copy number Cost, replacement price Koha item type
    Not For Loan Non-fiction D.B.Act.Division D.B.Act.Division 02/12/2019 DBAD/PUB 200.00 844.08 ب ٹ ف U-9199 1 200.00 Urdu Bks

© Delhi Public Library
Hit Counter
free hit counter